[Event "FRA-chT4 1415"]
[Site "Champagne Ardenne"]
[Date "2015.04.12"]
[Round "7"]
[White "Gerardin, David"]
[Black "Ferrand, Christophe"]
[Result "1/2-1/2"]
[WhiteElo "1771"]
[BlackElo "1889"]
[PlyCount "50"]
[EventDate "2014.10.16"]
[EventType "team-tourn"]
[EventRounds "7"]
[EventCountry "FRA"]
[SourceTitle "EXT 2024"]
[Source "ChessBase"]
[SourceDate "2023.10.10"]
[SourceVersion "1"]
[SourceVersionDate "2023.10.10"]
[SourceQuality "1"]

1. Nf3 Nf6 2. d4 e6 3. e3 b6 4. Bd3 Bb7 5. b3 d6 6. Bb2 Nbd7 7. Nbd2 Be7 8. 0-0 0-0 9. c4 c5 10. Rc1 Qc7 11. Qe2 e5 12. Bb1 Rfe8 13. d5 Nf8 14. Ne4 Bc8 15. Ng3 g6 16. Nd2 N6d7 17. f4 Bf6 18. Nde4 Bg7 19. f5 f6 20. h4 a5 21. Kh2 Re7 22. Rh1 a4 23. Rcf1 axb3 24. axb3 Ba6 25. Kg1 Rb8 1/2-1/2

[Event "FRA-chT4 1415"]
[Site "Champagne Ardenne"]
[Date "2015.01.12"]
[Round "4.4"]
[White "Ferrand, Christophe"]
[Black "Fourcart, Marc"]
[Result "1/2-1/2"]
[WhiteElo "1894"]
[BlackElo "1715"]
[PlyCount "109"]
[EventDate "2014.10.16"]
[EventType "team-tourn"]
[EventRounds "7"]
[EventCountry "FRA"]
[SourceTitle "EXT 2024"]
[Source "ChessBase"]
[SourceDate "2023.10.10"]
[SourceVersion "1"]
[SourceVersionDate "2023.10.10"]
[SourceQuality "1"]

1. e4 c5 2. Nf3 d6 3. Bb5+ Nd7 4. 0-0 a6 5. Bc4 Ngf6 6. Re1 b5 7. Bf1 g6 8. d4 cxd4 9. Nxd4 Bg7 10. Nc3 Bb7 11. f3 0-0 12. Kh1 Rc8 13. Be3 Nc5 14. a3 Qc7 15. Bd3 Nxd3 16. cxd3 Nd7 17. Rc1 Qa5 18. Nb3 Qd8 19. d4 Nb6 20. Na5 Ba8 21. Qd2 Nc4 22. Nxc4 Rxc4 23. Ne2 d5 24. e5 Qd7 25. b3 Rc6 26. Rxc6 Bxc6 27. Rc1 Rc8 28. Rc5 Bb7 29. b4 e6 30. Bh6 Bh8 31. Qc3 f6 32. Rxc8+ Bxc8 33. Qc5 Qe8 34. f4 Bd7 35. Nc1 fxe5 36. fxe5 Qf7 37. Kg1 Bg7 38. Bxg7 Kxg7 39. Qd6 Kh6 40. Qc7 Qf4 41. Qc3 Kg7 42. Nd3 Qe3+ 43. Kf1 Be8 44. Qc7+ Bf7 45. Nc5 Qc1+ 46. Ke2 Qb2+ 47. Kf1 Qb1+ 48. Ke2 Qc2+ 49. Ke1 Qc3+ 50. Ke2 Qc4+ 51. Ke1 Qc3+ 52. Ke2 Qc2+ 53. Ke1 Qc1+ 54. Ke2 Qb2+ 55. Ke1 1/2-1/2

[Event "FRA-chT4 1415"]
[Site "Champagne Ardenne"]
[Date "2014.10.12"]
[Round "1"]
[White "Ferrand, Christophe"]
[Black "Magnier, Christophe"]
[Result "1-0"]
[WhiteElo "1897"]
[BlackElo "1825"]
[PlyCount "89"]
[EventDate "2014.10.16"]
[EventType "team-tourn"]
[EventRounds "7"]
[EventCountry "FRA"]
[SourceTitle "EXT 2024"]
[Source "ChessBase"]
[SourceDate "2023.10.10"]
[SourceVersion "1"]
[SourceVersionDate "2023.10.10"]
[SourceQuality "1"]

1. e4 e5 2. Nf3 Nc6 3. d4 exd4 4. Nxd4 Bc5 5. Be3 Nxd4 6. Bxd4 Bxd4 7. Qxd4 Nf6 8. Nc3 0-0 9. 0-0-0 d6 10. e5 Ne8 11. Bd3 Qg5+ 12. f4 dxe5 13. Qxe5 Qxe5 14. fxe5 c6 15. Rhf1 Be6 16. Ne4 Nc7 17. Ng5 h6 18. Nxe6 fxe6 19. c4 Rad8 20. Kc2 Na6 21. a3 Nc5 22. Rxf8+ Rxf8 23. Bg6 a5 24. Rd2 a4 25. Kc3 Rc8 26. Kb4 b6 27. h4 h5 28. Rd6 Kf8 29. Bxh5 Ke7 30. Bf3 Nd7 31. Rxc6 Rxc6 32. Bxc6 Nxe5 33. Bxa4 Nd3+ 34. Kc3 Nc5 35. Bc2 Kd6 36. b4 Nd7 37. g4 Ke5 38. a4 Kf4 39. Bd1 Ne5 40. a5 bxa5 41. bxa5 Nc6 42. a6 e5 43. h5 Ke3 44. g5 e4 45. h6 1-0

[Event "FRA-chT4"]
[Site "Champagne Ardenne"]
[Date "2005.02.07"]
[Round "5"]
[White "Ferrand, Christophe"]
[Black "Evrard, Jean Luc"]
[Result "1-0"]
[WhiteElo "1830"]
[BlackElo "1664"]
[PlyCount "91"]
[EventDate "2005.01.09"]
[EventType "team-tourn"]
[EventRounds "7"]
[EventCountry "FRA"]
[SourceTitle "EXT 2007"]
[Source "ChessBase"]
[SourceDate "2006.11.23"]
[SourceVersion "1"]
[SourceVersionDate "2006.11.23"]
[SourceQuality "1"]

1. e4 e5 2. Nf3 Nf6 3. Nxe5 d6 4. Nf3 Nxe4 5. d4 d5 6. Bd3 Bd6 7. 0-0 0-0 8. c4 c6 9. cxd5 cxd5 10. Nc3 Nxc3 11. bxc3 Bg4 12. h3 Bh5 13. g4 Bg6 14. Ne5 Nd7 15. f4 Nxe5 16. dxe5 Bc5+ 17. Kh2 Bxd3 18. Qxd3 d4 19. cxd4 Qxd4 20. Qxd4 Bxd4 21. Rb1 b6 22. Ba3 Rfc8 23. Rbc1 Be3 24. Rxc8+ Rxc8 25. Rf3 Rc2+ 26. Kg3 Bg1 27. Rd3 h6 28. Rd8+ Kh7 29. Bd6 Rxa2 30. Rf8 Bc5 31. Rxf7 Ra3+ 32. Kg2 Bxd6 33. exd6 Rd3 34. Rxa7 Rxd6 35. f5 Kg8 36. Rb7 Rd2+ 37. Kg3 Rd3+ 38. Kh4 Rb3 39. Kh5 Rxh3+ 40. Kg6 Kf8 41. Rxg7 h5 42. g5 h4 43. Rb7 Rb3 44. Rb8+ Ke7 45. f6+ Kd7 46. f7 1-0

[Event "FRA-chT4"]
[Site "Ech Ardennais/La Francheville"]
[Date "2004.11.07"]
[Round "2"]
[White "Noizet, Donatien"]
[Black "Ferrand, Christophe"]
[Result "0-1"]
[WhiteElo "1790"]
[BlackElo "1820"]
[PlyCount "77"]
[EventDate "2004.10.10"]
[EventType "team-tourn"]
[EventRounds "3"]
[EventCountry "FRA"]
[SourceTitle "EXT 2007"]
[Source "ChessBase"]
[SourceDate "2006.11.23"]
[SourceVersion "1"]
[SourceVersionDate "2006.11.23"]
[SourceQuality "1"]

1. e4 e6 2. d4 d5 3. exd5 exd5 4. Nf3 Bd6 5. Nc3 c6 6. Bd3 Ne7 7. h3 Bf5 8. Be3 Nd7 9. Ne2 Qc7 10. a3 0-0 11. g4 Bxd3 12. Qxd3 Ng6 13. h4 Nf4 14. Nxf4 Bxf4 15. g5 Rae8 16. 0-0-0 Bxe3+ 17. fxe3 Qg3 18. Rdf1 Re4 19. Rhg1 Qh3 20. Rh1 Qe6 21. Re1 Re8 22. Kd2 Qg4 23. Rhf1 Qg3 24. b3 Qd6 25. b4 b6 26. Rg1 c5 27. c3 a5 28. dxc5 bxc5 29. h5 axb4 30. g6 bxc3+ 31. Qxc3 fxg6 32. hxg6 h6 33. Rh1 Qg3 34. Qd3 Nf6 35. Ref1 Qg2+ 36. Qe2 Qxe2+ 37. Kxe2 Rxe3+ 38. Kd2 Rxa3 39. Nh4 0-1

[Event "FRA-chT4"]
[Site "Ech Ardennais/La Francheville"]
[Date "2004.10.10"]
[Round "1"]
[White "Ferrand, Christophe"]
[Black "Varoquier, Romain"]
[Result "0-1"]
[WhiteElo "1820"]
[BlackElo "1920"]
[PlyCount "32"]
[EventDate "2004.10.10"]
[EventType "team-tourn"]
[EventRounds "3"]
[EventCountry "FRA"]
[SourceTitle "EXT 2007"]
[Source "ChessBase"]
[SourceDate "2006.11.23"]
[SourceVersion "1"]
[SourceVersionDate "2006.11.23"]
[SourceQuality "1"]

1. e4 e5 2. Nf3 Nc6 3. d4 exd4 4. Nxd4 Qh4 5. Nc3 Bb4 6. Ndb5 Nf6 7. Nxc7+ Kd8 8. Nxa8 Nxe4 9. g3 Qf6 10. f3 Nxc3 11. bxc3 Bxc3+ 12. Kf2 Bxa1 13. Bf4 Be5 14. Bxe5 Qxe5 15. Qd2 b6 16. Bh3 Qd4+ 0-1

[Event "FRA-chT4 0203"]
[Site "Champagne Ardenne"]
[Date "2003.03.02"]
[Round "5"]
[White "Ferrand, Christophe"]
[Black "Fleurentin, Arnaud"]
[Result "0-1"]
[WhiteElo "1920"]
[BlackElo "1790"]
[PlyCount "90"]
[EventDate "2002.10.02"]
[EventType "team-tourn"]
[EventRounds "7"]
[EventCountry "FRA"]
[SourceTitle "EXT 2005"]
[Source "ChessBase"]
[SourceDate "2004.11.15"]
[SourceVersion "1"]
[SourceVersionDate "2004.11.15"]
[SourceQuality "1"]

1. e4 c5 2. Nc3 Nc6 3. f4 d6 4. Nf3 e6 5. Bb5 Bd7 6. 0-0 Be7 7. d3 a6 8. Bxc6 Bxc6 9. Qe1 Nf6 10. Ne2 Qc7 11. Ng3 h6 12. Kh1 b6 13. b3 h5 14. h3 h4 15. Ne2 0-0-0 16. Ng5 Rdf8 17. Bb2 e5 18. fxe5 dxe5 19. Nf3 Nd7 20. Nc3 g5 21. Nh2 Qd6 22. Ng4 Nf6 23. Nxf6 Bxf6 24. Qf2 Bd8 25. Nd5 Bxd5 26. exd5 f6 27. Qf5+ Kb7 28. c4 Bc7 29. Qe4 Rf7 30. Rf5 Re8 31. Raf1 Ree7 32. Kg1 Ka7 33. R1f3 Kb8 34. Rf2 Ka7 35. Qf3 e4 36. dxe4 Qh2+ 37. Kf1 Qh1+ 38. Ke2 Qb1 39. Bc3 Rxe4+ 40. Kd2 Bf4+ 41. Rxf4 Rxf4 42. Qe3 Rxf2+ 43. Qxf2 Qxa2+ 44. Ke3 Re7+ 45. Kf3 Qxb3 0-1

[Event "FRA-chT4 0203"]
[Site "Champagne Ardenne"]
[Date "2002.10.13"]
[Round "1"]
[White "Talbot, Remy"]
[Black "Ferrand, Christophe"]
[Result "0-1"]
[WhiteElo "1720"]
[BlackElo "1870"]
[PlyCount "70"]
[EventDate "2002.10.02"]
[EventType "team-tourn"]
[EventRounds "7"]
[EventCountry "FRA"]
[SourceTitle "EXT 2005"]
[Source "ChessBase"]
[SourceDate "2004.11.15"]
[SourceVersion "1"]
[SourceVersionDate "2004.11.15"]
[SourceQuality "1"]

1. d4 Nf6 2. c4 e6 3. Nc3 Bb4 4. Qc2 0-0 5. Nf3 b6 6. g3 Ba6 7. e3 d5 8. a3 Bxc3+ 9. Qxc3 Nbd7 10. b3 Ne4 11. Qc2 Rc8 12. Bg2 c5 13. 0-0 cxd4 14. Nxd4 Ndf6 15. Bb2 b5 16. Rfc1 bxc4 17. bxc4 Rxc4 18. Qb1 Nd2 19. Qa2 Rxc1+ 20. Rxc1 Bc4 21. Qa1 e5 22. Nc6 Qc7 23. Bxe5 Qxc6 24. Rc2 Nb3 25. Qb2 Qe6 26. Bc3 Qg4 27. f3 Qe6 28. Kf2 Re8 29. Bd4 Nxd4 30. Qxd4 Qf5 31. Rc3 Ne4+ 32. Kg1 Nxc3 33. Qxc3 Qb1+ 34. Kf2 Rb8 35. g4 Qb2+ 0-1